<?xml version="1.0" encoding="UTF-8"?>
<resp>
  <nextPage>https://data.bn.org.pl/api/networks/bibs.marcxml?marc=001+b0000002698955&amp;sinceId=2698956</nextPage>
  <collection>
    <record xmlns='http://www.loc.gov/MARC21/slim'><leader>03706nam a2201021 i 4500</leader><controlfield tag='001'>b0000002698955</controlfield><controlfield tag='005'>20260313091032.6</controlfield><controlfield tag='008'>120105s1954    pl ao        |000 0 pol  </controlfield><controlfield tag='009'>9910233680305606</controlfield><datafield ind1=' ' ind2=' ' tag='015'><subfield code='a'>UWD 1954/4813</subfield></datafield><datafield ind1=' ' ind2=' ' tag='035'><subfield code='a'>991008954529705066</subfield></datafield><datafield ind1=' ' ind2=' ' tag='035'><subfield code='a'>(PL-WaBN)b26989554-48omnis_nlop</subfield></datafield><datafield ind1=' ' ind2=' ' tag='035'><subfield code='a'>b26989554</subfield></datafield><datafield ind1=' ' ind2=' ' tag='035'><subfield code='a'>(OCoLC)750912099</subfield></datafield><datafield ind1=' ' ind2=' ' tag='035'><subfield code='a'>xx001733690</subfield></datafield><datafield ind1=' ' ind2=' ' tag='035'><subfield code='a'>(PL)b0000002698955</subfield></datafield><datafield ind1=' ' ind2=' ' tag='040'><subfield code='a'>WA N</subfield><subfield code='c'>WA N</subfield><subfield code='d'>WA N</subfield><subfield code='d'>KR U</subfield><subfield code='d'>WA N</subfield></datafield><datafield ind1='0' ind2=' ' tag='045'><subfield code='b'>d1954</subfield></datafield><datafield ind1=' ' ind2=' ' tag='046'><subfield code='k'>1954</subfield></datafield><datafield ind1=' ' ind2=' ' tag='080'><subfield code='8'>1.1\x</subfield><subfield code='a'>913(438)</subfield></datafield><datafield ind1=' ' ind2=' ' tag='080'><subfield code='8'>1.2\x</subfield><subfield code='a'>(084.1)</subfield></datafield><datafield ind1=' ' ind2=' ' tag='084'><subfield code='a'>15</subfield></datafield><datafield ind1='0' ind2='0' tag='245'><subfield code='a'>Gorce i pasmo Lubania /</subfield><subfield code='c'>[tekst Czesław Trybowski i Stefan Pałecki ; opracowanie ilustracyjne Kazimierz Saysse-Tobiczyk].</subfield></datafield><datafield ind1=' ' ind2=' ' tag='260'><subfield code='a'>Warszawa :</subfield><subfield code='b'>&quot;Sport i Turystyka&quot;,</subfield><subfield code='c'>1954.</subfield></datafield><datafield ind1=' ' ind2=' ' tag='300'><subfield code='a'>85, [3] strony :</subfield><subfield code='b'>fotografie ;</subfield><subfield code='c'>16 cm.</subfield></datafield><datafield ind1=' ' ind2=' ' tag='336'><subfield code='a'>Tekst</subfield><subfield code='b'>txt</subfield><subfield code='2'>rdacontent</subfield></datafield><datafield ind1=' ' ind2=' ' tag='336'><subfield code='a'>Obraz</subfield><subfield code='b'>sti</subfield><subfield code='2'>rdacontent</subfield></datafield><datafield ind1=' ' ind2=' ' tag='337'><subfield code='a'>Bez urządzenia pośredniczącego</subfield><subfield code='b'>n</subfield><subfield code='2'>rdamedia</subfield></datafield><datafield ind1=' ' ind2=' ' tag='338'><subfield code='a'>Wolumin</subfield><subfield code='b'>nc</subfield><subfield code='2'>rdacarrier</subfield></datafield><datafield ind1=' ' ind2=' ' tag='380'><subfield code='a'>Książki</subfield></datafield><datafield ind1=' ' ind2=' ' tag='380'><subfield code='a'>Albumy i książki artystyczne</subfield></datafield><datafield ind1='1' ind2=' ' tag='388'><subfield code='a'>1901-2000</subfield></datafield><datafield ind1='1' ind2=' ' tag='388'><subfield code='a'>1945-1989</subfield></datafield><datafield ind1=' ' ind2='7' tag='650'><subfield code='a'>Fotografia polska</subfield><subfield code='2'>DBN</subfield></datafield><datafield ind1=' ' ind2='7' tag='651'><subfield code='a'>Gorce (góry)</subfield><subfield code='2'>DBN</subfield></datafield><datafield ind1=' ' ind2='7' tag='651'><subfield code='a'>Lubań (góra)</subfield><subfield code='2'>DBN</subfield></datafield><datafield ind1=' ' ind2='7' tag='655'><subfield code='a'>Album</subfield><subfield code='2'>DBN</subfield></datafield><datafield ind1=' ' ind2=' ' tag='658'><subfield code='a'>Kultura i sztuka</subfield></datafield><datafield ind1='1' ind2=' ' tag='700'><subfield code='a'>Pałecki, Stefan</subfield><subfield code='e'>Tekst</subfield></datafield><datafield ind1='1' ind2=' ' tag='700'><subfield code='a'>Saysse-Tobiczyk, Kazimierz</subfield><subfield code='d'>(1891-1980)</subfield><subfield code='e'>Opracowanie</subfield></datafield><datafield ind1='1' ind2=' ' tag='700'><subfield code='a'>Trybowski, Czesław</subfield><subfield code='d'>(1909-1966)</subfield><subfield code='e'>Tekst</subfield></datafield><datafield ind1='2' ind2=' ' tag='710'><subfield code='a'>Wydawnictwo Sport i Turystyka</subfield><subfield code='e'>Wydawca</subfield><subfield code='4'>pbl</subfield></datafield><datafield ind1=' ' ind2=' ' tag='852'><subfield code='8'>221042153420008831</subfield><subfield code='j'>1</subfield><subfield code='b'>1300-WGL</subfield><subfield code='p'>1095007320</subfield><subfield code='c'>80000</subfield></datafield><datafield ind1=' ' ind2=' ' tag='852'><subfield code='8'>2265963500007411</subfield><subfield code='j'>1</subfield><subfield code='b'>BU</subfield><subfield code='p'>10101025</subfield><subfield code='c'>MAGK</subfield></datafield><datafield ind1=' ' ind2=' ' tag='852'><subfield code='8'>221042153370008831</subfield><subfield code='j'>1</subfield><subfield code='b'>1900-WGR</subfield><subfield code='p'>1096033296</subfield><subfield code='c'>70003</subfield></datafield><datafield ind1=' ' ind2=' ' tag='852'><subfield code='8'>221042153420008831</subfield><subfield code='j'>1</subfield><subfield code='b'>1300-WGL</subfield><subfield code='p'>1095007321</subfield><subfield code='c'>80000</subfield></datafield><datafield ind1=' ' ind2=' ' tag='852'><subfield code='8'>22361140620006926</subfield><subfield code='j'>1</subfield><subfield code='h'>A.350</subfield><subfield code='b'>TORU</subfield><subfield code='p'>mq2687894</subfield><subfield code='c'>GR_A_bg</subfield></datafield><datafield ind1=' ' ind2=' ' tag='852'><subfield code='8'>22504066060005067</subfield><subfield code='j'>1</subfield><subfield code='h'>B 724499 I</subfield><subfield code='b'>BJ</subfield><subfield code='p'>1002428436</subfield><subfield code='c'>BJ_MAG</subfield></datafield><datafield ind1=' ' ind2=' ' tag='852'><subfield code='8'>22604422270005067</subfield><subfield code='j'>1</subfield><subfield code='h'>335742 I</subfield><subfield code='b'>BJ</subfield><subfield code='p'>1003155481</subfield><subfield code='c'>BJ_ARCHIW</subfield></datafield><datafield ind1=' ' ind2=' ' tag='852'><subfield code='b'>48UWM_INST</subfield><subfield code='8'>990011163070107411</subfield></datafield><datafield ind1=' ' ind2=' ' tag='852'><subfield code='8'>2265963500007411</subfield><subfield code='j'>1</subfield><subfield code='b'>BU</subfield><subfield code='p'>AA122284</subfield><subfield code='c'>MAGK</subfield></datafield><datafield ind1=' ' ind2=' ' tag='852'><subfield code='8'>2265963500007411</subfield><subfield code='j'>1</subfield><subfield code='b'>BU</subfield><subfield code='p'>1012570G</subfield><subfield code='c'>MAGK</subfield></datafield><datafield ind1=' ' ind2=' ' tag='852'><subfield code='8'>22756617810008412</subfield><subfield code='j'>1</subfield><subfield code='b'>BG</subfield><subfield code='p'>03477540</subfield><subfield code='c'>MS</subfield></datafield><datafield ind1=' ' ind2=' ' tag='852'><subfield code='8'>22549523180005066</subfield><subfield code='j'>1</subfield><subfield code='h'>3.165.119 A</subfield><subfield code='b'>BN_PL</subfield><subfield code='p'>30001025739051</subfield><subfield code='c'>bk1</subfield></datafield><datafield ind1=' ' ind2=' ' tag='852'><subfield code='8'>22639397940005066</subfield><subfield code='j'>1</subfield><subfield code='h'>3.552.121</subfield><subfield code='b'>BN_PL</subfield><subfield code='p'>30001025739068</subfield><subfield code='c'>bk8</subfield></datafield><datafield ind1=' ' ind2=' ' tag='852'><subfield code='8'>22841937540008207</subfield><subfield code='j'>1</subfield><subfield code='h'>Z.66664</subfield><subfield code='b'>BPW_K</subfield><subfield code='p'>922291-10</subfield><subfield code='c'>ZAS</subfield></datafield><datafield ind1=' ' ind2=' ' tag='852'><subfield code='b'>48OMNIS_MPL</subfield><subfield code='8'>991002648096905069</subfield></datafield><datafield ind1=' ' ind2=' ' tag='852'><subfield code='b'>48OMNIS_UOW</subfield><subfield code='8'>991007545429708831</subfield></datafield><datafield ind1=' ' ind2=' ' tag='852'><subfield code='b'>48OMNIS_UOP</subfield><subfield code='8'>990001621700108206</subfield></datafield><datafield ind1=' ' ind2=' ' tag='852'><subfield code='b'>48OMNIS_UMKWT</subfield><subfield code='8'>991003083239706926</subfield></datafield><datafield ind1=' ' ind2=' ' tag='852'><subfield code='b'>48OMNIS_UJA</subfield><subfield code='8'>991011444409705067</subfield></datafield><datafield ind1=' ' ind2=' ' tag='852'><subfield code='8'>22804611860008206</subfield><subfield code='j'>1</subfield><subfield code='b'>UOP</subfield><subfield code='p'>000111712000</subfield><subfield code='c'>MAG01</subfield></datafield><datafield ind1=' ' ind2=' ' tag='852'><subfield code='b'>48OMNIS_NLOP</subfield><subfield code='8'>991008954529705066</subfield></datafield><datafield ind1=' ' ind2=' ' tag='852'><subfield code='8'>2263418690005069</subfield><subfield code='j'>1</subfield><subfield code='h'>67655 I</subfield><subfield code='b'>LUBL_M</subfield><subfield code='p'>1000144773</subfield><subfield code='c'>10000</subfield></datafield><datafield ind1=' ' ind2=' ' tag='852'><subfield code='b'>48OMNIS_KBP</subfield><subfield code='8'>990001221780108412</subfield></datafield><datafield ind1=' ' ind2=' ' tag='852'><subfield code='b'>48OMNIS_NETWORK</subfield><subfield code='8'>9910233680305606</subfield></datafield><datafield ind1=' ' ind2=' ' tag='852'><subfield code='b'>48OMNIS_BPW</subfield><subfield code='8'>991053676355608207</subfield></datafield></record>
  </collection>
</resp>
